Knowledge discovery in inductive databases : third international workshop, KDID 2004, Pisa, Italy, September 20, 2004 : revised selected and invited papers /

Bibliographic Details
Corporate Author: KDID 2004 Pisa, Italy
Other Authors: Goethals, Bart, Siebes, Arno, 1958-
Format: Conference Proceeding eBook
Language:English
Published: Berlin ; New York : Springer, [2005]
Series:Lecture notes in computer science ; 3377.
Subjects:
Online Access:Connect to the full text of this electronic book

MARC

Tag First Indicator Second Indicator Subfields
LEADER 00000cam a2200000Ia 4500
001 in00002065821
005 20190326103406.0
007 cr un---------
008 050324s2005 gw a 101 0 eng d
010 |a  2005921108 
020 |a 3540250824 
024 3 |a 9783540250821 
035 |a (OCoLC)ocm58839577 
040 |a EQO  |c EQO  |d CUS  |d C$Q  |d DLC  |d TXA  |d UtOrBLW 
049 |a TXAM 
050 0 0 |a QA76.9.D3  |b K43 2004 
111 2 |a KDID 2004  |d (2004 :  |c Pisa, Italy) 
245 1 0 |a Knowledge discovery in inductive databases :  |b third international workshop, KDID 2004, Pisa, Italy, September 20, 2004 : revised selected and invited papers /  |c Bart Goethals, Arno Siebes (eds.). 
246 3 0 |a KDID 2004 
264 1 |a Berlin ;  |a New York :  |b Springer,  |c [2005] 
264 4 |c ©2005 
300 |a vi, 189 pages :  |b illustrations ;  |c 24 cm. 
336 |a text  |b txt  |2 rdacontent 
337 |a computer  |b c  |2 rdamedia 
338 |a online resource  |b cr  |2 rdacarrier 
490 1 |a Lecture notes in computer science,  |x 0302-9743 ;  |v 3377 
504 |a Includes bibliographical references and index. 
530 |a Also issued online. 
650 0 |a Database management  |v Congresses. 
650 0 |a Database searching  |v Congresses. 
650 0 |a Data mining  |v Congresses. 
700 1 |a Goethals, Bart. 
700 1 |a Siebes, Arno,  |d 1958- 
830 0 |a Lecture notes in computer science ;  |v 3377. 
856 4 1 |u http://proxy.library.tamu.edu/login?url=http://springerlink.metapress.com/openurl.asp?genre=issue&issn=0302-9743&volume=3377  |z Connect to the full text of this electronic book  |t 0 
994 |a C0  |b TXA 
948 |a cataloged  |b h  |c 2005/6/24  |d c  |e blrosas  |f 9:21:19 am 
999 |a MARS 
999 f f |s 1c563daa-78e4-377e-88d7-5256638ed20f  |i 94de05f9-8b2f-3729-9bf0-6b82f78aa761  |t 0 
952 f f |p ric  |a Texas A&M University  |b Rellis Campus  |c Joint Library Facility  |d Remote Storage  |t 0  |e QA76.9.D3 K43 2004  |h Library of Congress classification  |i computer -- online resource  |m A14833095594 
998 f f |a QA76.9.D3 K43 2004  |t 0  |l Remote Storage